Statistiques concernant Les Pokémon du Pokéwoood

Cliquez ici pour prendre le quiz!

Statistiques générales

  • Ce quiz a été pris 6 fois
    (5 depuis la dernière actualisation)
  • Le résultat moyen est 20 sur 127

Statistiques - réponses

FilmsPersonnagesPokémon% Correct
Z comme ZhumanRiolu Boy/ Riolu GirlRiolu
100%
Super-Vilain, ZhumanDimoret
67%
Dimoret
67%
Farfuret
67%
Farfuret
67%
Farfuret
67%
Farfuret
67%
Farfuret
67%
Farfuret
67%
Full Metal Cop 3Ninja FarfuretFarfuret
67%
Full Metal Cop 2Ninja FarfuretFarfuret
67%
Full Metal CopNinja FarfuretFarfuret
67%
Full Metal Cop 4Ninja FarfuretFarfuret
67%
Zhuman, la vengeance 2Lucario Boy/ Lucario GirlLucario
67%
Zhuman, le retour de la vengeanceLucario Boy/ Lucario GirlLucario
67%
Zhuman, la vengeanceLucario Boy/ Lucario GirlLucario
67%
Lucario
67%
Baggaïd
33%
Super-Vilain, ZhumanCorboss
33%
Ectoplasma
33%
PossédéFantominus
33%
Ancienne StatueGolemastoc
33%
Soucoupe, OVNIGrindur
33%
Un souvenir inoubliable 3Scientifique Mélis/ÉchoHexagel
33%
Lewsor
33%
Neitram
33%
Polagriffe
33%
Les EnvahissantsMembre de la FDU, Mélis/ÉchoPonchien
33%
Mystérieux GaffScorplane
33%
La porte du royaume mystérieuxPrince Mélis/ Princesse ÉchoSorbébé
33%
La porte du royaume mystérieux 3Prince Mélis/ Princesse ÉchoSorbouboul
33%
La porte du royaume mystérieux 2Prince Mélis/ Princesse ÉchoSorboul
33%
Spectrum
33%
La femme géante 4Jeune Homme Mélis/Jeune Fille ÉchoTarinor
33%
Trioxhydre
33%
Tutankafer
33%
Silhouette, ???Tyranocif
33%
Silhouette, ???Tyranocif
33%
Tyranocif
33%
Viskuse
33%
Un souvenir inoubliable 2Scientifique Mélis/ÉchoVivaldaim
33%
Un souvenir inoubliableScientifique Mélis/ÉchoAnchwatt
0%
Baudrive
0%
PossédéeCacturne
0%
Dame Louche, ???Chovsourir
0%
Les Envahissants 2Membre de la FDU, Mélis/ÉchoClic
0%
Mystérieux GaffColosse
0%
Mystérieux GaffColosse
0%
La femme géante 3Jeune Homme Mélis/Jeune Fille ÉchoCouaneton
0%
La brume pourpreJeune Homme Mélis/Jeune Fille ÉchoCryptéro
0%
La brume pourpre 2Jeune Homme Mélis/Jeune Fille ÉchoCryptéro
0%
La brume pourpre 3Jeune Homme Mélis/Jeune Fille ÉchoCryptéro
0%
Démolosse
0%
PossédéDémon
0%
Dispositif
0%
AssistantDispositif
0%
Envahissant, E.T.Emolga
0%
Escroco
0%
Romance à UnysJeune Homme Mélis/Jeune Fille ÉchoExcelangue
0%
Assistante SylvieF-00
0%
Assistant ManueloF-00
0%
Assistante SylvieF-00
0%
Assistant ManueloF-00
0%
Un souvenir inoubliable 4Scientifique Mélis/ÉchoFarfaduvet
0%
Méga-Monstres IIIMembre de la FDU, Mélis/ÉchoFlagadoss
0%
Flagadoss
0%
Méga-MonstresMembre de la FDU, Mélis/ÉchoFlagadoss
0%
Méga-Monstres IIMembre de la FDU, Mélis/ÉchoFlagadoss
0%
Nébuleux BrouillardHumanoïde
0%
Humanoïde
0%
Humanoïde
0%
Humanoïde
0%
Humanoïde
0%
Humanoïde
0%
Humanoïde
0%
Nébuleux BrouillardHumanoïde
0%
Humanoïde
0%
Humanoïde
0%
Humanoïde
0%
Nébuleux BrouillardHumanoïde
0%
Romance à Unys 3Jeune Homme Mélis/Jeune Fille ÉchoHypnomade
0%
Inspecteur RobokeufKaraclée
0%
P. du FuturKaratécari
0%
P. du FuturKaratécari
0%
Romance à Unys 2Jeune Homme Mélis/Jeune Fille ÉchoKecleon
0%
Kirlia
0%
Inspecteur RobokeufLançargot
0%
Petite Sœur, PolineLarveyette
0%
Détour par l'avenir IIScientifique Mélis/ÉchoMéios
0%
Méga-Monstres IVMembre de la FDU, Mélis/ÉchoMéios
0%
Chasseur d'horreurs 4Mélis/ÉchoMonaflémit
0%
Chasseur d'horreurs 3Mélis/ÉchoMonaflémit
0%
Monstre
0%
Ouvrier DannyMT
0%
Type Louche, BernsteinMT-02
0%
Soucoupe, OVNINodulithe
0%
Détour par l'avenirScientifique Mélis/ÉchoNucléos
0%
Octillery
0%
Inconnue, E!OVNI
0%
OVNI 2
0%
Reine JujubePortail Blanc
0%
Portail Noir
0%
Gardien PeluchePortail Noir
0%
Partenaire Miguel/Partenaire PénéloppeQueulorior
0%
Partenaire Camillo/Partenaire BarbaraQueulorior
0%
Partenaire Antoinio/Partenaire MariaQueulorior
0%
Qwilfish
0%
Rhinolove
0%
Super-Vilain, ZhumanScalpion
0%
Scalproie
0%
Inspecteur RobokeufScarhino
0%
Sharpedo
0%
Staross
0%
Les Envahissants 4Membre de la FDU, Mélis/ÉchoSymbios
0%
Détour par l'avenir IIIScientifique Mélis/ÉchoSymbios
0%
La femme géanteJeune Homme Mélis/Jeune Fille ÉchoTadmorv
0%
La femme géante 2Jeune Homme Mélis/Jeune Fille ÉchoTadmorv
0%
Typhlosion
0%
Vaututrice
0%
Chasseur d'horreursMélis/ÉchoVigoroth
0%
Chasseur d'horreurs 2Mélis/ÉchoVigoroth
0%
Les Envahissants 3Membre de la FDU, Mélis/ÉchoVostourno
0%
Vostourno
0%
Fiancée Monica/Grande Sœur MonicaZébibron
0%
Turbojet, ZhurbulentZhuman
0%
Zoroark
0%
Zoroark
0%

Distribution des résultats

Percentile par nombre de réponses

% des personnes avec chaque résultat

Votre développement - résultats

Vous n’avez pas pris ce quiz depuis la dernière actualisation